Biblioteka Instytutu Północnego w Olsztynie

Ostróda, Iława, Elbląg : (Rekord nr 27295)

Szczegóły MARC
000 -Nagłówek
fixed length control field 01656cam a2200373 i 4500
001 - Nr kontrolny bibl., która utworzyła rek.
control field xx003793586
003 - Siglum bibl., której nr kontr. jest w 001
control field NUKAT
005 - Data i czas ostatniej operacji
control field 20260327121314.0
008 - Elementy pola stałej długości
fixed length control field 160919s2016 pl a |000 0 pol c
020 ## - ISBN
ISBN 9788360488614
dopowiedzenie (oprawa twarda)
035 ## - Systemowy numer kontrolny
systemowy numer kontrolny (OCoLC)968470445
035 ## - Systemowy numer kontrolny
systemowy numer kontrolny (NUKAT)xx003793586
040 ## - Instytucja sporządzająca opis
Instytucja, która sporządziła opis TOR U/MS
język katalgowania-trzyzn. kod pol
zasady opisu rda
Instytucja, która sporządziła rekord TOR U/MS
Instytucja, która zmodyfikowała rekord TOR U/MS
-- OLSZT 003/BKs
-- OLSZT 008/bak
041 1# - Kod nazwy języka dokumentu
Język tekstu pol
-- ger
Language code of original pol
099 ## - Dowolny opis lokalny sygnatury
symbol klasyfikacji hh_2461090
100 1# - Hasło główne-nazwa osobowa
Nazwa osobowa Kowalski, Ryszard
Daty biograficzne (1948- ).
rodzaj współpracy Autor
9 (RLIN) 30029
240 10 - Tytuł ujednolicony
tytuł ujednolicony Ostróda, Iława, Elbląg
język tekstu (pol.)
245 10 - Tytuł właściwy i oznaczenie odpow.
tytuł Ostróda, Iława, Elbląg :
dodatek do tytułu z dziejów żeglugi śródlądowej = Osterode, Deutsch Eylau, Elbing : aus der Geschichte der Binnenschifffahrt /
dod. inf. ze s. tyt./ozn. odpow. Ryszard Kowalski ; tłumaczenie na język niemiecki Uwe Hahnkamp.
246 31 - Inne formy tytułu, wariant tytułu
tytuł Osterode, Deutsch Eylau, Elbing
260 ## - Adres wydawniczy
miejsce wydania, dystrybucji itp. Olsztyn :
nazwa wydawcy, dystrybutora itp. Edytor Wers, Tomasz Śrutkowski,
data wydania, dystrybucji itp. 2016.
300 ## - Opis fizyczny
objętość i/lub forma materiału 213, [3] strony :
inne szczegóły opisu fizycznego ilustracje (w tym kolorowe) ;
format 30 cm.
336 ## - Content Type
Term Tekst
Code txt
Source rdacontent
337 ## - Media Type
Term Bez urządzenia pośredniczącego
Code n
Source rdamedia
338 ## - Carrier Type
Term Wolumin
Code nc
Source rdacarrier
504 ## - Uwaga o bibliografii
uwaga o bibliografii Bibliografia na stronach 208-212.
546 ## - Uwaga o języku opisywanego materiału
uwaga o języku Tekst równolegle w języku polskim i przekładzie niemieckim.
650 #7 - Hasło przedmiotowe-nazwa pospolita
nazwa pospolita lub geogr. Żegluga śródlądowa
określnik geograficzny Polska
określnik rzeczowy historia.
źródło hasła kaba
9 (RLIN) 20589
651 #7 - Hasło przedmiotowe-nazwa geogr.
nazwa geograficzna Ostródzko-Elbląski, Kanał (Polska)
określnik rzeczowy historia.
źródło hasła kaba
9 (RLIN) 30030
700 1# - Hasło dodatkowe - nazwa osobowa
nazwa osobowa Hahnkamp, Uwe
daty biograficzne (1968- ).
rodzaj współpracy Tłumaczenie
9 (RLIN) 39055
700 1# - Hasło dodatkowe - nazwa osobowa
nazwa osobowa Kowalski, Ryszard
daty biograficzne (1948- ).
tytuł pracy Ostróda, Iława, Elbląg
język pracy (niem.)
9 (RLIN) 39053
710 2# - Hasło dodatkowe - nazwa ciała zbior.
nazwa ciała zbior. lub nazwa geogr. Edytor Wers.
rodzaj współpracy Wydawca
kod rodzaju współpracy pbl
9 (RLIN) 13469
920 ## - ISBN
ISBN 978-83-60488-61-4 (oprawa twarda)
942 ## - ADDED ENTRY ELEMENTS (KOHA)
Source of classification or shelving scheme Dewey Decimal Classification
Koha item type pozycje dostępne na miejscu
Egzemplarze
Status wycofania Status zagubienia Klasyfikacja Status uszkodzenia Blokada wypożyczeń Kolekcja Lokalizacja macierzysta Lokalizacja bieżąca Data nabycia Numer akcesji Źródło akcesji Cena Nr inwentarzowy il. wypożyczeń Sygnatura Kod kreskowy Date last seen Price effective from Typ egz.
    Dewey Decimal Classification nieuszkodzona   książka w magazynie Biblioteka Instytutu Północnego w Olsztynie Biblioteka Instytutu Północnego w Olsztynie 16/05/2019 D-27/2019 dar 56.00 59792   59792 IPWK21489 27/03/2026 27/03/2026 pozycje dostępne na miejscu
Biblioteka Instytutu Północnego, ul. Partyzantów 87, 10-402 Olsztyn, email: biblioteka(at)ip.olsztyn.pl